000 00333nam a2200133Ia 4500
008 191201s2010 xx 000 0 und d
082 _a658.3
_bBHC
100 _aBHATTACHARYYA,Deepak.Kumar
245 0 _aCross Cultural Management Text and Cases
260 _aN. delhi
_bPHI
_c2010
300 _a344
650 _aMBA
942 _2ddc
_cBK
999 _c4756
_d4756